| 000 | 01193cam a22003614a 4500 | ||
|---|---|---|---|
| 001 | 15095026 | ||
| 005 | 20180123043214.0 | ||
| 008 | 071121s2009 njua bf 001 0 eng | ||
| 010 | _a 2007048240 | ||
| 015 |
_aGBA806057 _2bnb |
||
| 016 | 7 |
_a101321574 _2DNLM |
|
| 016 | 7 |
_a014492986 _2Uk |
|
| 020 | _a9780135142783 (pbk.) | ||
| 020 | _a0135142784 (pbk.) | ||
| 035 | _a(OCoLC)ocn182613552 | ||
| 035 | _a(OCoLC)182613552 | ||
| 040 |
_aDNLM/DLC _cDLC _dNLM _dBAKER _dYDXCP _dUKM _dC#P _dDLC |
||
| 041 | _aeng | ||
| 042 | _apcc | ||
| 060 | 0 | 0 | _a2008 E-119 |
| 060 | 1 | 0 |
_aQY 39 _bK26h 2009 |
| 080 | _a616.075 KEE | ||
| 082 | 0 | 0 |
_a616.075 KEE _222 |
| 100 | 1 | _a5 | |
| 101 | _aFAR | ||
| 245 | 1 | 0 |
_aPrentice Hall's handbook of laboratory & diagnostic tests : _cJoyce LeFever Kee. |
| 246 | 3 | _aPrentice Hall's handbook of laboratory and diagnostic tests | |
| 246 | 3 | 0 | _aHandbook of laboratory and diagnostic tests |
| 504 | _aIncludes bibliographical references (p. 655-663) and index. | ||
| 906 |
_a7 _bcbc _corignew _d1 _eecip _f20 _gy-gencatlg |
||
| 942 |
_2ddc _cBK |
||
| 999 |
_c40745 _d40745 |
||